Ethiopia's Borders Quiz Stats

Quiz Updated Mar 17, 2016

Challenge
Share
Tweet
Embed
Score 0/6 Timer 01:00
9 Plays Today
Country % Correct
Sudan
93.4%
Somalia
92.9%
Kenya
90.9%
South Sudan
90.1%
Eritrea
88.3%
Djibouti
83.6%

You're not logged in!

Compare scores with friends on all Sporcle quizzes.
Sign Up with Email
OR
Log In

You Might Also Like...

Show Comments

Extras

Top Quizzes Today


Score Distribution

Your Account Isn't Verified!

In order to create a playlist on Sporcle, you need to verify the email address you used during registration. Go to your Sporcle Settings to finish the process.